A mikrofilológia és a szintézis tanára

Bibliographic Details
Main Author: Kovács, Győző (Author)
Format: Article
Language:Hungarian
Slovak
Subjects:

MARC

LEADER 00000nab a2200000 a 4500
001 vtls000639806
003 SK-MaSNL
005 20260318124707.0
008 160314c1997 xo 0 hun
015 |a SNBRB19rr/mm-uuuuu 
035 |a CL0639945 
040 |a SNKBUCL  |b slo  |c SNKBUCL  |e AACR2 
041 0 |a slo 
044 |a xo  |c SK 
080 |a 82:929:894.511 (437.6)  |2 1981 
080 |a 894.511 (437.6)  |2 1981 
080 |a 929 Turczel, Lajos  |2 1981 
100 1 |a Kovács, Győző  |4 aut  |9 485967 
245 1 0 |a A mikrofilológia és a szintézis tanára  |c Győző Kovács 
600 1 7 |a Turczel, Lajos  |d 1917-  |x zdravice  |2 snkbucl  |9 844291 
650 0 7 |a Turczel, Lajos,  |d 1917-2007  |2 snkbucl  |9 900996 
773 0 |t Irodalmi szemle  |g Roč. 40, č. 8-9 (1997), s. 66-67 
850 |a Slovenská národná knižnica v Martine  |a DSG001 
852 |a SNK  |b KIS3GCP 
958 |a HU 
958 |a LX 
958 |a BX 
958 |a SK 
958 |a RK 
958 |a RBX 
999 |c 2237421  |d 2239351